|
|
|
|
| LEADER |
01099nam a2200265 a 4500 |
| 001 |
12064487 |
| 008 |
090721r20032001 nyu 001 0 eng d |
| 010 |
|
|
|a 00056329
|
| 020 |
|
|
|a 8120323009
|
| 020 |
|
|
|a 0765607204 (alk. paper)
|
| 020 |
|
|
|a 0765607212 (pbk. : alk. paper)
|
| 040 |
|
|
|a DLC
|c DLC
|d DLC
|
| 082 |
0 |
0 |
|a 658.4/052
|2 21
|
| 100 |
1 |
|
|a Cleary, Patrick J.
|9 57640
|
| 245 |
1 |
4 |
|a The negotiation handbook /
|c Patrick J. Cleary.
|
| 260 |
|
|
|a Armonk, N.Y. :
|b M.E. Sharpe,
|c 2001.[Reprinted 2003]
|
| 300 |
|
|
|a xiv, 179 pages ;
|c 22 cm.
|
| 504 |
|
|
|a Includes index.
|
| 526 |
|
|
|x Salim khan
Sr. program Associate
James P. Grant School
Course name and no. N/A
|
| 541 |
1 |
|
|a Paragon Enterprises
|e 00018433
|
| 650 |
|
0 |
|a Negotiation in business.
|
| 852 |
4 |
|
|a School of Public Health.
|
| 942 |
|
|
|2 ddc
|c BK
|
| 999 |
|
|
|c 2631
|d 2631
|
| 952 |
|
|
|0 0
|1 0
|2 ddc
|4 0
|6 658_405200000000000_CLE
|7 0
|9 2396
|a JPGSPH
|b JPGSPH
|d 2009-04-28
|e Paragon Enterprise Ltd.
|g 280.00
|l 0
|o 658.4052 CLE
|p 3060018433
|r 2009-07-21
|t 1
|y BK
|x Requisitioned by Salim khan, Sr. program Associate, James P. Grant School. Course name and no. N/A
|